Les Pokémon qui peuvent être pêchés - Statistiques

Statistiques générales
  • Ce quiz a été pris 27 fois
  • Le résultat moyen est 37 sur 67
Statistiques - réponses
Pokémon qui peuvent être pêchés % Correct
Magicarpe
96%
Léviator
91%
Poissirène
83%
Poissoroy
83%
Barpau
78%
Milobellus
74%
Tentacool
70%
Tentacruel
70%
Wailmer
70%
Wailord
70%
Serpang
65%
Barbicha
61%
Crustabri
61%
Ecayon
61%
Luminéon
61%
Barloche
57%
Carvanha
57%
Colhomard
57%
Coquiperl
57%
Ecrapince
57%
Hypocéan
57%
Hypotrempe
57%
Kokiyas
57%
Krabboss
57%
Krabby
57%
Lovdisc
57%
Octillery
57%
Rémoraid
57%
Stari
57%
Staross
57%
Denticrisse
52%
Gamblast
52%
Hyporoi
52%
Kravarech
52%
Lanturn
52%
Loupio
52%
Mamanbo
52%
Psykokwak
52%
Ptitard
52%
Relicanth
52%
Rosabyss
52%
Sharpedo
52%
Bargantua
48%
Flagadoss
48%
Flingouste
48%
Khélocrok
48%
Ramoloss
48%
Tartard
48%
Têtarte
48%
Torgamord
48%
Azumarill
43%
Concombaffe
43%
Draco
43%
Froussardine
43%
Hastacuda
43%
Marill
43%
Minidraco
43%
Qwilfish
43%
Tarpaud
43%
Venalgue
43%
Vorastérie
43%
Corayon
39%
Dracolosse
39%
Embrochet
39%
Limonde
39%
Lilia
35%
Sinistrail
35%
Aucun quiz correspondant
Distribution des résultats
% des personnes avec chaque résultat
Percentile par nombre de réponses
Votre historique - résultats
Vous n’avez pas pris ce quiz